Geografia : vademecum maturalne 2008 /

Збережено в:
Бібліографічні деталі
Автор: Stasiak, Janusz (geografia)
Інші автори: Zaniewicz, Zbigniew
Формат: Книга
Мова:Польська
Опубліковано: Gdynia : Operon, 2007.
Предмети:
Теги: Додати тег
Немає тегів, Будьте першим, хто поставить тег для цього запису!

MARC

LEADER 00000nam a2200000 i 4500
001 9912879798505606
005 20260515140228.0
008 081018s2007 pl a 001 0 pol d
020 |a 9788374614139 
035 |a 990001803220207662-48omnis_network 
035 |a (Aleph)000180322MBP01 
035 |a (PL)b0000090101059 
040 |a MBPWR  |c MBPWR 
041 0 |a pol 
080 |a 91(075.3-021.66):37.091.27 
090 |c 122  |d 121 
100 1 |a Stasiak, Janusz  |c (geografia) 
245 1 0 |a Geografia :  |b vademecum maturalne 2008 /  |c Janusz Stasiak, Zbigniew Zaniewicz. 
246 3 8 |a Vademecum maturalne 2008 - geografia 
260 |a Gdynia :  |b Operon,  |c 2007. 
300 |a 448 s. :  |b il. kolor. ;  |c 24 cm +  |e 1 dysk optyczny (CD-ROM). 
500 |a U góry okł.: kompendium wiedzy, tabele, schematy, mapy, przekroje, diagramy, indeks, płyta CD. 
500 |a Na dysku podtyt.: dodatkowe materiały dla maturzysty. 
500 |a Tabele na wyklejkach. 
504 |a Indeks. 
650 7 |a Geografia (przedmiot szkolny) 
650 7 |a Matura 
700 1 |a Zaniewicz, Zbigniew 
920 |a 978-83-7461-413-9 
942 |c K 
952 |0 0  |1 0  |4 0  |6 R__75_000000000000000  |7 0  |9 114  |a RYT  |b RYT  |d 2026-05-12  |e 1/2014  |g 10.00  |l 0  |o R.75  |p 2000000000756  |r 2026-05-15 14:02:28  |w 2026-05-15  |y BK  |z da 
999 |c 114  |d 114